00800nam a2200229 i 4500001000700000003000700007005001700014008004100031020001800072080002300090100002200113245008600135250001200221260009400233300004600327504003200373600003100405700003100436710004900467710003200516852002200548187042SpMaBN20230906222813.0170404s1995 mx fo |||| |bspa d a968-36-4110-5 a929 Reyes, Alfonso1 aCuriel, Fernando.13aEl cielo no se abre b: semblanza documental de Alfonso Reyes /cFernando Curiel. a1ª ed. aMéxico : bUniversidad Nacional Autónoma de México : bEl Colegio Nacional, c1995. a244 p., [11] p. de lám. fot. ; c23 cm. aBibliografía: p. 239-241.14aReyes, Alfonso,d1889-19591 aReyes, Alfonso,d1889-19592 aUniversidad Nacional Autónoma de México.2 aColegio Nacional (México) aES-MaACLjL-31363